00578nam a2200205 a 450000100060000000300080000600500170001400800410003103500190007204000280009104100080011908200220012710000330014924500570018225000120023926000420025130000360029350000190032965000240034880454BD-RjUL20220928101608.0220928s1942 enka 001 0 eng d a(BD-RjUL)80454 aDLCcNcRSdBD-RjULbeng aeng 223a547bCOT 19421 aCohen, Julius Berend,d1859-10aTheoretical organic chemistry /cby Julius B. Cohen. a4th ed. aLondon;aNew York :bMacmillan,c1942 axv, 622 pages :bill. ;c18 cm. aIncludes index 0aChemistry, Organic.